Clínica y complicaciones de las parasitosis (Registro nro. 26740)

Detalles MARC
000 -CABECERA
Longitud fija campo de control 01387nam a2200217 a 4500
003 - • IDENTIFICADOR DELl NÚMERO DE CONTROL
Identificador del número de control CO-ViMGA
008 - • CÓDIGOS DE INFORMACIÓN DE LONGITUD FIJA
Códigos de información de longitud fija 141112s2004 ck r 000 u spa d
020 ## - • NÚMERO INTERNACIONAL NORMALIZADO PARA LIBROS
Número Internacional Normalizado para Libros (ISBN) 9586550788
040 ## - FUENTE DE LA CATALOGACIÓN
Centro catalogador de origen CO-ViMGA
Lengua de catalogación spa
Centro transcriptor CO-ViMGA
082 04 - • NÚMERO DE LA CLASIFICACIÓN DECIMAL DEWEY
Número de clasificación (R) 616.96 L653c
100 1# - • PUNTO DE ACCESO PRINCIPAL-NOMBRE DE PERSONA
Nombre de persona Londoño Morales, Ivan
245 10 - • TITULO PROPIAMENTE DICHO
Título Clínica y complicaciones de las parasitosis
300 ## - • DESCRIPCIÓN FÍSICA
Extensión 712.p.
505 ## - • NOTA DE CONTENIDO CON FORMATO
Nota de contenido con formato Diarreas Amibiasis intestinal Amibiasis hepática Amibiasis pleuropulmonar Amibiasis peritoneal Amibiasis pericárdica Amibiasis cutánea Amibiasis urogenital Amibiasis cerebral Infección humana por amibas de vida libre Balantidiasis Giardiasis Cryptosporidiosis Sarcocystosis Neumocistosis o neumonía de celulas plasmáticas Helmintología Ascariasis Tricocefalosis Oxiuriasis o entorobiasis Uncinariasis o anquilostomiasis Estrongiloidiasis Síndrome de migración larvaria Filariasis Teniasis Himenolepiasis Cisticercosis Hidatidosis Tremátodos Fascioliasis Paragonimiasis Malaria o paludismo Leishmaniasis Tripanosomiasis Toxoplasmosis Enfermedades producidas y transmitidas por artrópodos - Vectores Esquistosomiasis o bilharziasis
590 ## - NOTAS LOCALES
Nota local Forma de adquisición : Premio - Mincultura
650 14 - • PUNTO DE ACCESO ADICIONAL DE MATERIA - TÉRMINO DE MATERIA
Término de materia o nombre geográfico como elemento inicial GUSANOS - PARASITOS INTESTINALES
650 14 - • PUNTO DE ACCESO ADICIONAL DE MATERIA - TÉRMINO DE MATERIA
Término de materia o nombre geográfico como elemento inicial PARASITOLOGIA MEDICA
942 ## - ENTRADA DE ELEMENTOS AGREGADOS (KOHA)
Fuente de clasificaión o esquema Dewey Decimal Classification
Koha [por defecto] tipo de item LIbro
Existencias
Perdido Fuente de clasificación o esquema Estado Físico No para préstamo Forma de adquisición Localización permanente Localización actual Fecha adquisición Serie de enumeración / cronolog&íacute;a Préstamos totales Signatura completa Código de barras Fecha última consulta Número de copia Fecha del precio de reemplazo Tipo de item de Koha
  Dewey Decimal Classification     Sala Especializada Tercer Piso Biblioteca Pública Germán Arciniegas - Villavicencio Biblioteca Pública Germán Arciniegas - Villavicencio 12/04/2015 Volumen. 1 | 11/jun/2009   616.96 L653c 17138 02/08/2019 Ej. 1 12/04/2015 LIbro









Instituto Departamental de Cultura del Meta - Red Departamental de Bibliotecas Públicas del Meta.